000
00231nam a2200097Ia 4500
005
20251222175817.0
008
251222s9999||||xx |||||||||||||| ||spa||
082
_a
DVD0090/M84/2002.
245
0
_a
Bowling for colunbine.
942
_c
DVD
999
_c
40344
_d
40344